[Event "79th ARM-ch 2019"]
[Site "Yerevan"]
[Date "2019.01.12"]
[Round "1"]
[White "Hovhannisyan, Robert"]
[Black "Ter-Sahakyan, Samvel"]
[Result "1-0"]
[WhiteElo "2637"]
[BlackElo "2574"]
[Annotator "TA"]
[PlyCount "100"]
[EventDate "2019.01.12"]
[EventType "tourn"]
[EventCountry "ARM"]
[SourceTitle "playchess.com"]
[Source "ChessBase"]
[SourceQuality "1"]

{[%evp 13,100,33,35,31,82,30,35,29,79,74,94,86,95,93,104,85,83,90,129,127,125,125,127,123,129,127,138,136,140,135,139,133,143,142,180,166,155,153,159,142,143,129,155,84,79,73,116,116,111,111,114,108,178,180,176,173,199,194,220,216,219,212,249,247,280,284,327,310,329,325,305,289,447,456,358,425,423,422,408,371,706,686,585,564,4618,2681,1737,1367,919]} 1. e4 e5 2. Nf3 Nf6 3. Nxe5 d6 4. Nf3 Nxe4 5. Bd3 d5 6. Qe2 Qe7 7. O-O {C42: Petroff Defence: 3 Nxe5 and unusual White 3rd moves} Nd6 {LiveBook: 29 Games} 8. Nc3 {[%cal Bb1c3,Bc3e2,Be2d4][%mdl 32]} c6 ({Black should play} 8... Qxe2 $14 9. Nxe2 (9. Bxe2 Be6 $14) 9... Bg4) 9. b3 $146 (9. Re1 $16) ({Predecessor:} 9. Qxe7+ Bxe7 10. Re1 {½-½ (10) Magem Badals,J (2513)-Shirov,A (2706) Liepaja 2001}) 9... Qxe2 10. Nxe2 Be7 11. Re1 Nd7 12. Ba3 {[#] Threatens to win with Nc3.} Nf8 13. Ned4 $36 {[%mdl 2048] aiming for Bxd6. White is really pushing.} Ne6 14. Bxd6 (14. Re2 {with more complications.} a5 15. Rae1 a4 16. Nxe6 Bxe6 17. Bc5) 14... Bxd6 15. Bf5 O-O 16. Nxe6 (16. Bxe6 $6 fxe6 17. Re3 (17. Nxe6 Re8 $11) 17... Rf4 $11) 16... fxe6 17. Bxe6+ Bxe6 18. Rxe6 Bc5 19. Rae1 h6 20. c3 a5 21. Kf1 Rfd8 22. d4 Bf8 23. Ke2 c5 24. Rb6 Rd7 25. Rb5 Rc7 26. dxc5 Bxc5 27. Rd1 Be7 28. Kd3 (28. Rbxd5 $6 Rxc3 29. h3 Bf6 $16) (28. Rd3 $142) 28... Rac8 $16 29. Rc1 ({Reject} 29. Rxa5 Rxc3+ 30. Ke2 Rc2+ 31. Nd2 Bc5 $11) 29... Ba3 30. Rc2 Bb4 {[%cal Rc7c3]} 31. a3 {[%cal Ba2a3,Ba3a4][%mdl 32]} ({But not} 31. Rxd5 Rxc3+ 32. Rxc3 Rxc3+ 33. Ke4 Rc2 $14) 31... Bxc3 32. Rxd5 Bf6 (32... Ba1 $16 33. Rxc7 Rxc7) 33. Rxc7 $18 Rxc7 {[%mdl 4096] Endgame [#] KRB-KRN} 34. Ne5 $1 ({Don't do} 34. Rxa5 $6 Rc3+ 35. Ke2 Rxb3 $14) 34... b6 35. Nc4 Be7 36. a4 Bc5 37. f4 Kf7 38. g4 Ke6 39. Ke4 Ke7 40. Kf5 Rc6 41. Ne5 Rf6+ 42. Ke4 Bd6 (42... Re6 {was called for.} 43. Rd7+ Kf8) 43. f5 Bxe5 44. Rxe5+ {KR-KR} Kd7 45. h4 {[%cal Bh2h4,Bh4g5,Bg5f6][%mdl 32]} Rc6 46. g5 hxg5 $2 (46... h5 47. g6 Rc1) 47. hxg5 {White is clearly winning.} Rc1 48. f6 gxf6 49. gxf6 Rf1 50. Rf5 Re1+ {Accuracy: White = 82%, Black = 46%.} 1-0

[Event "79th ARM-ch 2019"]
[Site "Yerevan"]
[Date "2019.01.12"]
[Round "1"]
[White "Andriasian, Zaven"]
[Black "Harutyunian, Tigran K."]
[Result "1-0"]
[WhiteElo "2604"]
[BlackElo "2542"]
[Annotator "TA"]
[PlyCount "143"]
[EventDate "2019.01.12"]
[EventType "tourn"]
[EventCountry "ARM"]
[SourceTitle "playchess.com"]
[Source "ChessBase"]
[SourceQuality "1"]

{[%evp 29,143,0,17,5,17,4,0,8,25,25,32,20,24,0,0,-12,0,-45,0,-19,-7,-19,-29,-11,0,0,-5,-27,10,-10,-6,-31,65,35,35,39,94,85,95,83,152,147,152,152,216,155,241,248,223,133,113,137,153,145,163,164,172,151,187,147,191,156,204,129,136,129,164,164,164,164,165,165,243,152,137,133,183,120,142,129,120,64,117,96,87,100,126,48,58,63,59,0,54,65,65,37,110,110,145,145,162,164,185,103,627,617,1371,1358,1430,1385,2844,2471,29985,29986,29986,29987]} 1. e4 e5 2. Nf3 Nc6 3. Bb5 a6 4. Ba4 Nf6 5. d3 b5 6. Bb3 Be7 7. O-O d6 8. a4 b4 9. a5 O-O 10. Nbd2 Be6 11. Re1 Rb8 12. Nc4 {C88: Closed Ruy Lopez: Anti-Marshall Systems} h6 13. h3 Qc8 14. Be3 Rd8 15. Qe2 Bf8 {LiveBook: 12 Games} 16. Red1 (16. Nfd2 {is more complex.} Nd7 17. Ba4 Ne7 18. Nb3 Qb7 19. f3) 16... Ne7 {[#]} 17. Ncd2 $146 (17. Nh4 {seems wilder.} Nc6 18. Re1 Qb7 19. Qf3 d5 20. exd5 Bxd5 21. Qg3) ({Predecessor:} 17. Nfd2 Ng6 18. d4 exd4 19. Bxd4 Nh7 20. Be3 d5 21. exd5 {½-½ (21) Anand,V (2766)-Shirov,A (2736) Monte Carlo 2004}) 17... Bxb3 18. Nxb3 c5 19. Nfd2 Qe6 20. Nc4 Nc6 21. Nbd2 Rb5 22. Nf3 g6 23. c3 Rdb8 24. Bd2 Bg7 25. Re1 Kh7 26. Ra4 Nd7 27. Rea1 f5 28. Re1 Nf6 29. Qf1 f4 30. d4 {[%cal Bd3d4,Bd4d5][%mdl 32]} bxc3 (30... exd4 $15 31. cxd4 cxd4) 31. d5 $36 {[%mdl 2048] White has some pressure.} Qe7 32. bxc3 Nd8 ({Black should try} 32... Na7 $14) 33. Na3 $16 R5b7 34. Qxa6 Ra7 (34... Qd7 $142 35. Qc4 Ra7) 35. Qd3 Qe8 36. Qc2 Rb2 (36... Ra6 $16 37. Nc4 Rba8) 37. Qd1 Ra2 (37... Rbb7 $16 {is a better defense.} 38. c4 Ra6) 38. c4 $18 Ra6 39. Nb5 (39. Bc3 $18) 39... Rxa4 $16 40. Qxa4 Nb7 41. Qc2 {[#] Strongly threatening Nc7.} Qd8 42. Ra1 Bf8 43. Bc3 Be7 44. Nd2 g5 45. Kf1 Qd7 46. f3 h5 47. Ke2 {[%cal Bf1e2,Be2d3,Bd3c2][%mdl 32]} g4 48. hxg4 hxg4 49. Qd1 Kg6 50. Kd3 Nd8 (50... g3 $142 51. Qh1 Nd8) 51. Qb1 Nf7 52. Na3 Ng5 53. Qb5 (53. Qb8 $18) 53... Qc8 54. Kc2 Bd8 55. Nab1 (55. Kd1 $16) 55... Be7 (55... Bc7 $14) 56. Ra3 Bd8 57. Ra2 Be7 58. Rb2 (58. Na3 $16) 58... Bd8 $1 $14 59. Kd3 Bc7 60. Kc2 Bd8 $1 61. Kc1 Bc7 62. Ra2 Bd8 (62... Ra7 $14) 63. Na3 $16 Be7 64. Nc2 gxf3 65. gxf3 Ra8 {If only Black now had time for ...Rb8....} 66. a6 (66. Ne1 $18) 66... Qh3 $2 {[%mdl 8192]} (66... Ra7 $16) 67. Qb7 $18 {[%mdl 64] [#] Double Attack} Nxf3 68. Qxa8 Nxd2 69. Bxd2 Qd3 70. a7 Nxe4 71. Qg8+ Kh6 72. Qg2 {Accuracy: White = 43%, Black = 33%.} 1-0

[Event "79th ARM-ch 2019"]
[Site "Yerevan"]
[Date "2019.01.12"]
[Round "1"]
[White "Pashikian, Arman"]
[Black "Martirosyan, Haik M."]
[Result "1-0"]
[WhiteElo "2599"]
[BlackElo "2607"]
[Annotator "TA"]
[PlyCount "139"]
[EventDate "2019.01.12"]
[EventType "tourn"]
[EventCountry "ARM"]
[SourceTitle "playchess.com"]
[Source "ChessBase"]
[SourceQuality "1"]

{[%evp 22,139,20,18,16,17,8,19,13,10,22,22,8,8,12,0,21,24,22,0,1,3,8,12,0,0,7,0,0,0,6,0,0,0,0,0,0,0,15,8,10,0,22,14,22,10,20,8,8,0,0,0,39,37,106,105,106,106,102,90,104,110,138,134,132,116,145,114,179,107,156,153,173,158,116,148,145,154,149,118,277,268,264,226,277,277,450,450,664,718,752,753,745,737,745,745,744,744,737,732,706,705,745,744,711,676,690,671,627,597,1648,1769,4627,4627,4134,1698,29982,29983,29983,29984]} 1. d4 Nf6 2. Nf3 e6 3. c4 d5 4. g3 Be7 5. Bg2 O-O 6. Nc3 dxc4 7. Ne5 Nbd7 {E06: Closed Catalan: Early deviations} 8. Nxc4 Nb6 9. Ne5 c5 10. dxc5 Qxd1+ 11. Nxd1 Bxc5 12. O-O {LiveBook: 5 Games} Nfd5 13. Ne3 $146 (13. b3 {feels hotter.} Rd8 14. Bb2 Be7 15. a4 Nb4 16. Ne3) ({Predecessor:} 13. b3) 13... Nxe3 14. Bxe3 Bxe3 15. fxe3 f6 16. Nd3 Nc4 17. Kf2 Rd8 18. Rfd1 Kf8 19. Nc5 Nd6 20. Rac1 Rb8 21. Rd3 Ke7 22. Ne4 {Hoping for Rc7+.} Ne8 23. Ra3 a6 24. Rb3 b6 25. Rc6 b5 26. Rd3 Bb7 27. Rxd8 Rxd8 28. Rb6 Bxe4 29. Bxe4 $11 {[%mdl 4096] Endgame KRB-KRN} Nc7 30. Bd3 h6 31. b3 Ra8 32. a4 bxa4 33. bxa4 a5 34. Bc4 Rd8 35. Rc6 Kd7 $1 {[%cal Rd7c6]} 36. Rc5 Kd6 37. Rxa5 e5 (37... Rb8 $14) 38. Ra7 $16 Kc6 {[#] aiming for ...Kb6.} 39. a5 $1 e4 40. Bb3 Rb8 41. Bf7 Kd6 42. Bg6 Rb4 43. h4 Ra4 44. g4 Rb4 {[#]} (44... Kd7 $16) 45. h5 (45. Bf5 $1 $18) 45... Ra4 46. Bf5 Rb4 47. Kg3 Rb2 48. Bxe4 {a6 is the strong threat.} Rxe2 49. Kf3 Ra2 50. Bd3 Ra4 $2 (50... Ra3 $16) 51. a6 $18 Ra3 52. Bc4 Ra4 53. Be2 Ra5 $2 (53... Ra2 54. Rb7 Ra3) 54. Rb7 f5 (54... Ra3 $142 55. Kg3 Nxa6 56. Rb6+ (56. Rxg7 Nc5 $16) 56... Kc5 57. Rxa6 Rxe3+ 58. Bf3 Re7) 55. gxf5 Rxf5+ 56. Kg3 Rg5+ 57. Kf2 Ra5 58. a7 Ra2 59. Ke1 Ra1+ 60. Kd2 Ra2+ 61. Kd3 Ne6 62. Kc3 Nc7 63. Bc4 Ra3+ 64. Kb2 Ra5 65. Be2 Na8 66. Bf3 Rf5 67. Rb8 Nc7 68. Rd8+ Ke7 69. Rc8 Rb5+ 70. Kc1 {Accuracy: White = 70%, Black = 57%.} 1-0

[Event "79th ARM-ch 2019"]
[Site "Yerevan"]
[Date "2019.01.12"]
[Round "1"]
[White "Petrosyan, Manuel"]
[Black "Hakobyan, Aram"]
[Result "1/2-1/2"]
[WhiteElo "2579"]
[BlackElo "2545"]
[Annotator "ChessBase"]
[PlyCount "98"]
[EventDate "2019.01.12"]
[EventType "tourn"]
[EventCountry "ARM"]
[SourceTitle "playchess.com"]
[Source "ChessBase"]
[SourceQuality "1"]
[TimeControl "40/5400+30:1800+30"]

1. c4 {[%emt 0:00:35]} Nf6 2. Nc3 e5 3. Nf3 Nc6 4. e3 Bb4 5. Qc2 O-O 6. Nd5 Re8 7. Qf5 d6 8. Nxf6+ Qxf6 9. Qxf6 gxf6 10. a3 Bc5 11. d3 a5 12. b3 Be6 13. Bb2 d5 14. Rc1 Ba7 15. Be2 Rad8 16. cxd5 Bxd5 17. Bd1 f5 18. Ke2 f6 19. Nd2 Rd7 20. Rg1 Red8 21. Bc2 f4 22. g3 fxg3 23. fxg3 f5 24. Rcf1 Rf7 25. Nf3 Re8 26. Nh4 Be6 27. h3 Kf8 28. Nf3 f4 29. gxf4 exf4 30. e4 Bxh3 31. Rd1 Bxg1 32. Rxg1 h5 33. Kf2 Bg4 34. d4 Rd8 35. d5 Ne7 36. Ng5 c6 37. Nxf7 Kxf7 38. Bc3 b6 39. Bd4 Nxd5 40. exd5 Rxd5 41. Bc3 Rc5 42. Rc1 Rxc3 43. Bg6+ Kxg6 44. Rxc3 Bd7 45. Rd3 Be6 46. Rd6 Kf5 47. Rxc6 Bxb3 48. Rxb6 a4 49. Rh6 Ke5 1/2-1/2

[Event "79th ARM-ch 2019"]
[Site "Yerevan"]
[Date "2019.01.12"]
[Round "1"]
[White "Sargsyan, Shant"]
[Black "Petrosian, Tigran L."]
[Result "0-1"]
[WhiteElo "2486"]
[BlackElo "2598"]
[Annotator "ChessBase"]
[PlyCount "72"]
[EventDate "2019.01.12"]
[EventType "tourn"]
[EventCountry "ARM"]
[SourceTitle "playchess.com"]
[Source "ChessBase"]
[SourceQuality "1"]
[TimeControl "40/5400+30:1800+30"]

1. d4 {[%emt 0:00:20]} d5 {[%emt 0:00:00]} 2. c4 {[%emt 0:00:19]} e6 {[%emt 0:00:03]} 3. Nf3 {[%emt 0:00:29]} Be7 {[%emt 0:00:07]} 4. Nc3 {[%emt 0:00:43]} Nf6 {[%emt 0:00:14]} 5. Bf4 {[%emt 0:00:23]} O-O {[%emt 0:00:22]} 6. Rc1 {[%emt 0:00:21]} b6 {[%emt 0:02:51]} 7. cxd5 {[%emt 0:02:29]} Nxd5 {[%emt 0:05:02]} 8. Nxd5 {[%emt 0:01:46]} Qxd5 {[%emt 0:00:20]} 9. a3 {[%emt 0:01:45]} Bd6 {[%emt 0:18:40]} 10. Bxd6 {[%emt 0:04:02]} cxd6 {[%emt 0:01:36]} 11. e3 {[%emt 0:02:22]} Nd7 {[%emt 0:11:41]} 12. Qa4 {[%emt 0:13:56]} Qa5+ {[%emt 0:07:36]} 13. Qxa5 {[%emt 0:06:37]} bxa5 {[%emt 0:00:11]} 14. Nd2 {[%emt 0:00:28]} Rb8 {[%emt 0:00:20]} 15. Nc4 {[%emt 0:01:33]} d5 {[%emt 0:01:25]} 16. Nxa5 {[%emt 0:04:14]} Rxb2 {[%emt 0:00:10]} 17. Nc6 {[%emt 0:00:26]} Nb6 {[%emt 0:00:41]} 18. Nxa7 {[%emt 0:21:53]} Bd7 {[%emt 0:00:17]} 19. Rc7 {[%emt 0:08:10]} Rb1+ {[%emt 0:04:53]} 20. Ke2 {[%emt 0:00:40]} Ba4 {[%emt 0:00:20]} 21. Rb7 {[%emt 0:01:47]} Bd1+ {[%emt 0:02:03]} 22. Kd2 {[%emt 0:07:19]} Nc4+ {[%emt 0:00:18]} 23. Bxc4 {[%emt 0:00:09]} Rxb7 {[%emt 0:00:04]} 24. Rxd1 {[%emt 0:02:24]} Rxa7 {[%emt 0:00:12]} 25. Bd3 {[%emt 0:00:27]} Rxa3 {[%emt 0:00:06]} 26. Ke2 {[%emt 0:00:26]} Ra2+ {[%emt 0:00:15]} 27. Kf3 {[%emt 0:00:21]} Rb8 {[%emt 0:00:06]} 28. Bb1 {[%emt 0:00:35]} Rab2 {[%emt 0:00:18]} 29. Bd3 {[%emt 0:00:06]} Ra8 {[%emt 0:00:04]} 30. h4 {[%emt 0:00:44]} Raa2 {[%emt 0:00:33]} 31. Rf1 {[%emt 0:00:07]} h5 {[%emt 0:00:29]} 32. Kg3 {[%emt 0:00:59]} g6 {[%emt 0:00:07]} 33. Kf3 {[%emt 0:00:07]} Kg7 {[%emt 0:00:06]} 34. Kg3 {[%emt 0:00:04]} Kf6 {[%emt 0:01:03]} 35. Kf3 {[%emt 0:02:03]} Rd2 {[%emt 0:00:29]} 36. Bb5 {[%emt 0:00:30]} Ra3 {[%emt 0:00:28]} 0-1

[Event "79th ARM-ch 2019"]
[Site "Yerevan"]
[Date "2019.01.13"]
[Round "2"]
[White "Martirosyan, Haik M."]
[Black "Hakobyan, Aram"]
[Result "1-0"]
[WhiteElo "2607"]
[BlackElo "2545"]
[Annotator "TA"]
[PlyCount "91"]
[EventDate "2019.01.12"]
[EventType "tourn"]
[EventCountry "ARM"]
[SourceTitle "playchess.com"]
[Source "ChessBase"]
[SourceQuality "1"]

{[%evp 15,91,5,31,0,10,8,18,8,20,0,0,0,0,-8,0,0,0,-122,0,-2,0,0,0,0,0,-4,-10,-41,-29,-15,-16,-16,-16,-16,-20,-37,-18,-27,-19,-38,-18,-12,0,0,0,-17,-8,-8,-7,-1,0,0,156,147,131,147,199,191,187,183,200,192,153,131,1262,1249,29961,29957,29991,29991,29993,29986,29986,29987,29987,29988,29988,571]} 1. d4 Nf6 2. c4 g6 3. Nc3 d5 4. Bf4 Bg7 5. e3 O-O 6. Rc1 Be6 {D83: Grünfeld: 4 Bf4 Bg7 5 e3 0-0} 7. c5 c6 8. Bd3 Bc8 {LiveBook: 12 Games. The position is equal.} 9. h3 b6 $146 ({Predecessor:} 9... Nfd7 10. Nf3 e5 11. dxe5 Nxc5 12. Bb1 Nbd7 13. b4 Ne6 14. O-O Nxf4 15. exf4 {0-1 (66) Gelfand,B (2759)-Grischuk,A (2795) Moscow 2014}) 10. b4 bxc5 11. bxc5 Nfd7 12. Nge2 e5 13. Bh2 Na6 14. O-O Nb4 15. Bb1 Qa5 $1 16. e4 (16. a3 $11 Qxa3 17. Bxg6 hxg6 18. Ra1) 16... exd4 ({Black should play} 16... Ba6 $17 {Hoping for ...exd4.} 17. Re1 Bh6 18. exd5 cxd5) 17. Nxd4 $11 Ba6 ({Of course not} 17... Qxc5 $6 18. Nxd5 Qxd4 19. Qxd4 $16) 18. Nb3 Qa3 19. Re1 Bh6 20. exd5 Bxc1 21. Qxc1 (21. dxc6 {looks sharper.} Nxc6 22. Qxc1 Qxc1 23. Rxc1 Nf6 24. Ne4) 21... Qxc1 22. Rxc1 Nxd5 23. Nxd5 cxd5 24. c6 Nb6 25. Nd4 Bc4 26. f4 Rfe8 27. f5 Kg7 28. Kf2 Rac8 29. g4 Na4 30. g5 Nc5 31. h4 f6 32. Bf4 Kf7 33. Kf3 Na6 $2 (33... a6 $11) 34. fxg6+ $16 hxg6 35. h5 $1 gxh5 {[#]} (35... Rg8 $16) 36. g6+ $1 $18 Kg8 {Threatening ...Nb4.} 37. Bf5 Ra8 38. Bd6 Rad8 {[#]} 39. Bd7 $1 Re4 $2 {[%mdl 8192] [#]} (39... Kg7 $16) 40. Rxc4 $1 {[%mdl 576] Deflection} dxc4 41. Kxe4 {White mates.} h4 42. Nf5 h3 43. Be6+ {[%mdl 64] Double Attack} Kh8 44. Bf8 {[%csl Gf5][%cal Rf8g7]} Nc5+ 45. Bxc5 h2 46. g7+ {Accuracy: White = 70%, Black = 45%.} 1-0

[Event "79th ARM-ch 2019"]
[Site "Yerevan"]
[Date "2019.01.13"]
[Round "2"]
[White "Pashikian, Arman"]
[Black "Andriasian, Zaven"]
[Result "1/2-1/2"]
[WhiteElo "2599"]
[BlackElo "2604"]
[Annotator "TA"]
[PlyCount "52"]
[EventDate "2019.01.12"]
[EventType "tourn"]
[EventCountry "ARM"]
[SourceTitle "playchess.com"]
[Source "ChessBase"]
[SourceQuality "1"]

{[%evp 15,52,0,0,-41,-41,-50,-50,-52,-49,-40,-22,-32,-32,-34,-22,-34,-22,-22,-22,-22,-22,-22,-22,-30,-27,-30,-30,-30,-12,-30,-25,-30,-19,-19,-15,-25,-5,-12,-5]} 1. d4 Nf6 2. Nf3 d5 3. c4 c6 4. e3 Bg4 5. Qb3 Qc7 6. cxd5 {D11: Slav Defence: 3 Nf3 sidelines and 3...Nf6 4 e3 Bg4} (6. Ne5 e6 7. Nxg4 Nxg4 8. Be2 h5 9. Nc3 Nd7 10. Bd2 dxc4 11. Bxc4 Nb6 12. Be2 Rd8 13. h3 Nf6 {1-0 (40) Gelfand,B (2725)-Fedoseev,V (2667) Moscow 2016}) 6... Bxf3 7. gxf3 cxd5 8. Nc3 e6 {LiveBook: 15 Games} 9. Rg1 Nc6 10. Bd2 g6 $146 ({Predecessor:} 10... O-O-O 11. Bb5 a6 12. Bxc6 Qxc6 13. Rc1 Kb8 {1-0 (33) Alber,H (2310)-De Visser,L (2204) Germany 2015}) 11. f4 Be7 12. Rc1 Qd7 13. f3 O-O 14. Na4 Rfc8 15. Nc5 Bxc5 16. Rxc5 Ne7 17. Rxc8+ Rxc8 18. Bb5 Qd8 19. Kf2 Nf5 20. Rc1 Rxc1 21. Bxc1 Nh5 {[#] aiming for ...Qh4+.} 22. Qd1 Qh4+ 23. Kg2 Nf6 24. Qf1 Qh5 25. Be2 h6 26. Kg1 Kg7 {Accuracy: White = 68%, Black = 38%.} 1/2-1/2

[Event "79th ARM-ch 2019"]
[Site "Yerevan"]
[Date "2019.01.13"]
[Round "2"]
[White "Petrosian, Tigran L."]
[Black "Hovhannisyan, Robert"]
[Result "1-0"]
[WhiteElo "2598"]
[BlackElo "2637"]
[Annotator "TA"]
[PlyCount "75"]
[EventDate "2019.01.12"]
[EventType "tourn"]
[EventCountry "ARM"]
[SourceTitle "playchess.com"]
[Source "ChessBase"]
[SourceQuality "1"]

{[%evp 14,75,20,16,22,27,28,25,28,29,29,16,16,18,16,16,29,21,40,33,97,102,92,86,94,89,129,131,123,123,309,302,287,304,309,312,312,297,300,296,431,433,370,343,569,531,740,727,910,902,1233,1225,1356,1666,1834,1958,1250,3658,2646,2530,4132,3808,2690,2331]} 1. e4 e5 2. Nf3 Nc6 3. Bc4 Bc5 4. d3 Nf6 5. Bg5 h6 6. Bh4 Be7 {C50: Hungarian Defence and Giuoco Pianissimo} 7. a4 d6 8. Bg3 {LiveBook: 7 Games} Bg4 $146 {The position is equal.} ({Predecessor:} 8... O-O 9. O-O Kh8 10. c3 Nh7 11. Nbd2 f5 12. exf5 Bxf5 13. a5 a6 14. Re1 {½-½ (22) Tomashevsky,E (2711)-Aronian,L (2785) Sharjah 2017}) 9. h3 Bh5 10. c3 a5 11. Nbd2 O-O 12. Qb3 Rb8 13. O-O Nd7 14. Rfe1 Nb6 15. Bb5 Na7 16. d4 $36 {[%mdl 2048] White has good play.} Nxb5 (16... Bf6 $14) 17. Qxb5 $16 c6 18. Qxa5 d5 {[#] ...Ra8 is the strong threat.} 19. Qa7 $1 dxe4 20. a5 exf3 21. Qxb6 (21. Rxe5 Bd6 $17) 21... fxg2 $2 (21... f6 $16 {was called for.}) 22. Qxd8 $18 (22. Bxe5 Rc8 $16) (22. Rxe5 f5 $16) 22... Bxd8 23. Bxe5 ({Weaker is} 23. Rxe5 f5 $14) ({Less strong is} 23. Kxg2 f6 $14) 23... Ra8 {[#]} 24. Bd6 $1 (24. Kxg2 Re8 $14) 24... Bg5 25. Bxf8 Bxd2 26. Re5 Bf3 (26... Kxf8 $142 27. Rxh5 Bg5) 27. Bc5 Bg5 28. b4 Rd8 $2 (28... Bd5 29. Rae1 Kh7) 29. Be7 {White is clearly winning.} Bxe7 30. Rxe7 {[%mdl 4096] Endgame KRR-KRB} Rd5 31. Rae1 Rh5 32. R1e3 Rxh3 {[#]} 33. Rxf3 $1 {[%mdl 512]} Rxf3 34. Rxb7 Rxc3 {KR-KR} 35. a6 {[%cal Ba5a6,Ba6a7][%mdl 32]} Ra3 36. a7 Kh7 37. d5 {[%mdl 64] Deflection} cxd5 38. b5 {Accuracy: White = 87%, Black = 36%.} 1-0

[Event "79th ARM-ch 2019"]
[Site "Yerevan"]
[Date "2019.01.13"]
[Round "2"]
[White "Ter-Sahakyan, Samvel"]
[Black "Petrosyan, Manuel"]
[Result "1-0"]
[WhiteElo "2574"]
[BlackElo "2579"]
[Annotator "TA"]
[PlyCount "87"]
[EventDate "2019.01.12"]
[EventType "tourn"]
[EventCountry "ARM"]
[SourceTitle "playchess.com"]
[Source "ChessBase"]
[SourceQuality "1"]

{[%evp 16,87,22,13,8,21,20,27,27,26,50,32,45,35,76,79,120,113,107,110,100,106,110,104,98,108,132,144,151,137,158,112,118,130,112,89,89,87,85,82,229,210,209,183,246,246,246,246,310,310,568,568,568,518,723,673,670,463,766,764,845,720,860,692,1915,1684,2225,1753,3724,3256,3085,2217,1739,1654]} 1. d4 Nf6 2. c4 e6 3. Nc3 Bb4 4. g3 O-O 5. Bg2 d5 6. Nf3 Nbd7 7. O-O {E20: Nimzo-Indian: 4 g3 and 4 f3} dxc4 8. Qc2 c6 9. Rd1 {LiveBook: 10 Games. The position is equal.} Be7 10. e4 b5 11. d5 cxd5 $146 ({Predecessor:} 11... exd5 12. exd5 cxd5 13. Nxd5 Bb7 14. Nxf6+ Bxf6 15. Ng5 Bxg5 16. Bxb7 Qc7 17. Bxa8 Bxc1 18. Raxc1 Rxa8 {1-0 (36) Mikhalevski,V (2571)-Pruess,D (2404) Bellevue 2006}) 12. exd5 Nxd5 13. Nxd5 exd5 14. Rxd5 Bb7 15. Rxb5 $40 {[%mdl 128] White goes for the king.} Nc5 16. Ng5 Bxg5 17. Bxg5 Qxg5 18. Bxb7 Rab8 19. Qxc4 Rxb7 20. Rxc5 Qe7 21. b4 {[%cal Bb2b4,Bb4b5][%mdl 32]} Rd7 22. Rc1 h6 23. Rc8 Rxc8 24. Qxc8+ $16 {[%mdl 4096] Endgame KQR-KQR} Kh7 25. Qc5 Qe4 26. b5 f5 27. a4 {[%cal Ba2a4,Ba4a5][%mdl 32]} f4 (27... Rd4 $16) 28. Qc2 $18 Qxc2 29. Rxc2 {KR-KR} Rd4 (29... fxg3 {was necessary.} 30. hxg3 (30. fxg3 Kg6 $16) 30... Kg6) 30. a5 Rb4 31. Rc5 $1 f3 {( -> ...Rb1+)} 32. h4 Rb1+ $2 (32... Kg6 {is a better defense.} 33. a6 h5) 33. Kh2 {White is clearly winning.} Rb2 34. g4 Rxf2+ 35. Kg3 Ra2 {[#]} 36. a6 $1 f2 (36... Rb2 $142 37. Kxf3 Kg6) 37. Kg2 Ra4 38. Kxf2 Rxg4 39. h5 Re4 40. Rc8 Rb4 {[#]} 41. Rb8 $1 Ra4 42. Ke3 Ra1 43. Rb7 Rb1 44. Kd4 {Accuracy: White = 86%, Black = 31%.} ({Weaker is} 44. Rxa7 Rxb5 45. Kd3 Rxh5 $11) 1-0

[Event "79th ARM-ch 2019"]
[Site "Yerevan"]
[Date "2019.01.13"]
[Round "2"]
[White "Harutyunian, Tigran K."]
[Black "Sargsyan, Shant"]
[Result "1/2-1/2"]
[WhiteElo "2542"]
[BlackElo "2486"]
[Annotator "TA"]
[PlyCount "52"]
[EventDate "2019.01.12"]
[EventType "tourn"]
[EventCountry "ARM"]
[SourceTitle "playchess.com"]
[Source "ChessBase"]
[SourceQuality "1"]

{[%evp 19,52,22,19,21,15,0,2,12,39,44,26,0,0,0,-7,-27,17,17,37,33,39,36,31,0,2,0,0,0,0,0,0,0,0,0,0]} 1. Nf3 d5 2. g3 g6 3. Bg2 Bg7 4. d4 Nf6 5. c4 O-O 6. O-O Nc6 7. cxd5 Nxd5 8. Nc3 e5 {D74: Fianchetto Grünfeld: Main Line (5 Nf3 0-0 6 cxd5 Nxd5 7 0-0)} 9. Bg5 (9. Nxd5 e4 10. Nd2 Qxd5 11. e3 f5 12. b3 Be6 13. Ba3 Rfd8 14. Rc1 Qd7 15. Qc2 Rac8 16. Rfd1 {0-1 (91) Duda,J (2737)-Grischuk,A (2766) chess.com INT 2018}) 9... f6 10. Bd2 Nxc3 {LiveBook: 3 Games} 11. Bxc3 e4 12. Nd2 f5 13. Qb3+ Kh8 14. d5 Nd4 15. Bxd4 $146 ({Predecessor:} 15. Qd1 c5 16. e3 {1-0 (75) Lindstrom,B (2429)-Pettersson,T (2146) ICCF email 2007}) 15... Bxd4 16. e3 Bg7 17. Rac1 c6 (17... a5 {is interesting.} 18. f3 exf3 19. Nxf3 Re8 20. Nd4 a4) 18. dxc6 Qxd2 19. cxb7 Bxb7 20. Qxb7 Qxb2 21. Qxb2 Bxb2 {The position is equal.} 22. Rc2 Rab8 23. Rb1 Be5 24. Rxb8 Rxb8 25. Bf1 Rb2 26. Rxb2 Bxb2 1/2-1/2